Statistics for 6 Groups of 6- Geography #5

Click here to take the quiz!

General Stats

  • This quiz has been taken 436 times
  • The average score is 25 of 36

Answer Stats

HintAnswer% Correct
US States touching the Ohio RiverOhio
98%
Countries and Dependencies of the Greater AntillesCayman Islands | United Kingdom
93%
Seas bordering ItalyMediterranean Sea
93%
European Countries with a Protestant MajorityUnited Kingdom
92%
European Countries with a Protestant MajoritySweden
89%
Countries of Europe with a federal system of governmentGermany
88%
European Countries with a Protestant MajorityNorway
87%
European Countries with a Protestant MajorityDenmark
86%
European Countries with a Protestant MajorityFinland
86%
Seas bordering ItalyAdriatic Sea
84%
US States touching the Ohio RiverIllinois
82%
US States touching the Ohio RiverIndiana
81%
Countries and Dependencies of the Greater AntillesCuba
79%
Countries and Dependencies of the Greater AntillesHaiti
79%
Countries and Dependencies of the Greater AntillesDominican Republic
78%
Countries and Dependencies of the Greater AntillesJamaica
78%
Coastal Capital Cities of Spanish-Speaking CountriesBuenos Aires
75%
US States touching the Ohio RiverKentucky
75%
US States touching the Ohio RiverPennsylvania
75%
Countries of Europe with a federal system of governmentBelgium
74%
European Countries with a Protestant MajorityIceland
74%
Countries of Europe with a federal system of governmentSwitzerland
73%
Countries and Dependencies of the Greater AntillesPuerto Rico | United States
72%
Countries of Europe with a federal system of governmentAustria
70%
Coastal Capital Cities of Spanish-Speaking CountriesLima
68%
Countries of Europe with a federal system of governmentRussia
64%
US States touching the Ohio RiverWest Virginia
63%
Coastal Capital Cities of Spanish-Speaking CountriesMontevideo
61%
Coastal Capital Cities of Spanish-Speaking CountriesPanama City
60%
Coastal Capital Cities of Spanish-Speaking CountriesHavana
55%
Seas bordering ItalyIonian Sea
48%
Coastal Capital Cities of Spanish-Speaking CountriesSanto Domingo
48%
Seas bordering ItalyTyrrhenian Sea
42%
Countries of Europe with a federal system of governmentBosnia and Herzegovina
33%
Seas bordering ItalyLigurian Sea
23%
Seas bordering ItalySea of Sardinia
14%

Score Distribution

Percentile by Number Answered

Percent of People with Each Score

Your Score History

You have not taken this quiz